Papoea-Nieuw-Guinea Trivia Quiz - Statistieken

Algemene statistieken
  • Deze quiz is 251 keer genomen
  • De gemiddelde score is 8 van 16
Antwoordstatistieken
Hint Antwoord % Correct
Het enige land dat PNG grenst Indonesië
98%
Land waaruit PNG in 1975 onafhankelijk werd Australië
84%
Hoofdstad van Papoea-Nieuw-Guinea Port Moresby
74%
Grootste sector van de economie Landbouw
64%
PNG heeft 851 hiervan, meer dan enig ander land Moedertalen
60%
Land dat de noordelijke helft van PNG koloniseerde van 1884 tot 1919 Duitsland
55%
"isme" dat ooit wijdverspreid was, en nog steeds voorkomt onder sommige afgelegen stammen {Kannibal}isme
55%
Meest populaire sport Rugby
50%
Subregio van Oceanië waar PNG deel van uitmaakt {Mela}nesië
45%
Type vogel dat op de vlag verschijnt Raggi's paradijsvogel
43%
Noem een van de drie belangrijkste zeeën die aan PNG grenzen Koraalzee | Bismarckzee | Salomonzee
40%
Regio die in 2019 overweldigend stemde om onafhankelijk te worden Bougainville
29%
Sterrenbeeld dat op de vlag verschijnt Zuiderkruis
27%
Zeestraat die PNG scheidt van het bovenstaande Straat Torres
25%
Hoogste berg Mount Wilhelm
21%
Op één na grootste eiland Nieuw-Brittannië
18%
Geen overeenkomende quizzen gevonden
Scoreverdeling
Procent van Mensen met Elke Score
Percentiel versus Aantal Correcte Antwoorden
Uw Scoregeschiedenis
U heeft deze quiz nog niet genomen